Từ đúng, từ sai các từ và cấu trúc tiếng Anh thường nhầm lẫn khi sử dụng

Uloženo v:
Podrobná bibliografie
Médium: Kniha
Vydáno: 1999
Tagy: Přidat tag
Žádné tagy, Buďte první, kdo otaguje tento záznam!
Thư viện lưu trữ: Mạng thư viện Đại học Đà Nẵng
LEADER 00592nam a22001811a 4500
001 000037681
003 13976
005 20160412020423.0
008 160412s1999 000
082 |a 4A(07)1038 
245 |a Từ đúng, từ sai các từ và cấu trúc tiếng Anh thường nhầm lẫn khi sử dụng  |c Từ đúng, từ sai các từ và cấu trúc tiếng Anh thường nhầm lẫn khi sử dụng 
260 |c 1999 
OWN |a LNN 
999 |a From the UDN01 
TYP |a Monograph 
980 |a Mạng thư viện Đại học Đà Nẵng